=LDR 00000nam 2200000 4500 =001 $a INLIS000000000008391 =005 $a 20260604102940 =008 $a 260604################g##########0#ind## =022 ##$$a - =035 ##$$a 0010-0626000018 =082 ##$$a 362.1982 =084 ##$$a 362.1982 BUK =100 #$$a - =245 ##$$a Buku Kesehatan Ibu dan Anak $b - $c Departemen Kesehatan RI =246 ##$$a =260 ##$$a Jakarta $b Departemen Kesehatan RI $c 1997 =300 ##$$a 48 hlm. $b ilus. $c 21 cm. $d =336 ##$$a =337 ##$$a =338 ##$$a =520 #$$a =650 #$$a Kesehatan Ibu dan Anak =700 #$$a =740 ##$$a =856 ##$$a =Wor $a 1